| Tag |
First Indicator |
Second Indicator |
Subfields |
| LEADER |
00000cam a2200000 a 4500 |
| 001 |
in00000012350 |
| 005 |
20151007051817.0 |
| 008 |
860418s1986 ilu b 00010 eng |
| 010 |
|
|
|a 86147608
|
| 020 |
|
|
|a 0937906484 (pbk.)
|
| 035 |
|
|
|a (OCoLC)13401029
|
| 035 |
|
|
|9 AAA4912AM
|
| 040 |
|
|
|a DLC
|c DLC
|d IDN
|d WQM
|d m/c
|d TXA
|d UtOrBLW
|
| 043 |
|
|
|a n-us---
|
| 049 |
|
|
|a TXAM
|c [A11045565]
|
| 050 |
0 |
0 |
|a HV6626.5
|b .B76 1986
|
| 082 |
0 |
|
|a 362.7/044
|2 19
|
| 100 |
1 |
|
|a Broadhurst, Diane D.
|
| 245 |
1 |
0 |
|a Educators, schools, and child abuse /
|c Diane D. Broadhurst.
|
| 264 |
|
1 |
|a [Chicago, Ill.] :
|b National Committee for Prevention of Child Abuse,
|c [1986]
|
| 264 |
|
4 |
|c ©1986
|
| 300 |
|
|
|a v, 30 pages ;
|c 22 cm.
|
| 336 |
|
|
|a text
|b txt
|2 rdacontent
|
| 337 |
|
|
|a unmediated
|b n
|2 rdamedia
|
| 338 |
|
|
|a volume
|b nc
|2 rdacarrier
|
| 504 |
|
|
|a Bibliography: page 29.
|
| 650 |
|
0 |
|a Child abuse
|z United States.
|
| 650 |
|
0 |
|a Child abuse
|z United States
|x Prevention.
|
| 710 |
2 |
|
|a National Committee for Prevention of Child Abuse.
|
| 999 |
|
|
|a MARS
|
| 999 |
f |
f |
|s e888b87f-d08c-35fb-ad91-3167ce21d9d6
|i 744a9b2c-a542-36db-bc2e-268db12f9b8b
|t 0
|
| 952 |
f |
f |
|p ric
|a Texas A&M University
|b Rellis Campus
|c Joint Library Facility
|d Remote Storage
|t 0
|e HV6626.5 .B76 1986
|h Library of Congress classification
|i unmediated -- volume
|m A14811045565
|
| 998 |
f |
f |
|a HV6626.5 .B76 1986
|t 0
|l Remote Storage
|